British Royal Family Wedding Tiaras - Statistics

General Stats
  • This quiz has been taken 96 times
  • The average score is 8 of 15
Answer Stats
Hint Answer % Correct
Lady Diana Spencer 1981 The Spencer Tiara
94%
Sarah Ferguson 1986 The York Tiara
76%
HRH Catherine the Princess of Wales 2011 The Cartier Halo Tiara
75%
HM Queen Elizabeth the II 1947, HRH Princess Anne the Princess Royal 1973, HRH Princess Beatrice of York 2020 Queen Marys Fringe Tiara
73%
HRH Princess Eugenie of York 2018 The Greville Emerald Kokoshnik Tiara
73%
Meghan, the Duchess of Sussex 2018 Queen Marys Diamond Bandeau
61%
HRH Princess Margaret, Countess of Snowdon 1960 The Poltimore Tiara
55%
Queen Elizabeth, the Queen Mother 1923 The Strathmore Rose Tiara
51%
Zara Tindall Princess Andrews Meander Bandeau
49%
Autumn Kelly 2008 Princess Annes Festoon Tiara
39%
HRH Princess Alexandra, the Honourable Lady Ogilvy 1963, HRH Princess Michael of Kent (Marie) 1978, Lady Gabriella Kingston/Windsor 2019 The Kent City of London Fringe Tiara
39%
Lady Helen Taylor 1992 The Kent Pearl Fringe Tiara
37%
HRH the Duchess of Edinburgh 1999 The Anthemion Tiara
35%
Lady Rose Gilman 2008 The Iveagh Tiara
24%
Serena Stanhope 1993 The Lotus Flower Tiara
24%
No matching quizzes found
Score Distribution
Percent of People with Each Score
Percentile by Number Answered
Your Score History
You have not taken this quiz